| LEADER | 00738cam a2200229I 4500 | ||
|---|---|---|---|
| 001 | 007714960-2 | ||
| 005 | 20020606104010.5 | ||
| 008 | 800109m19689999ja abce 000 0 jpn | ||
| 010 | |a 71794204 /J | ||
| 015 | |a Ja68-9217 | ||
| 035 | 0 | |a ocm05855358 | |
| 040 | |a DLC |c OSU |d OSU |d OCL |d YNH | ||
| 050 | 0 | |a GR340 |b .M85 | |
| 245 | 0 | 0 | |a Mukashibanashi kenkyū shiryō sōsho. |
| 260 | |a Tōkyō, |b Miyai Shoten, |c Shōwa 43- [1968- | ||
| 300 | |a v. |b illus., geneal table, maps, plans, ports, |c 19 cm. | ||
| 500 | |a Phonodisc "Hiruzen Bonchi no mukashibanashi" (4 s. 5 in. 33 1/3 rpm. microgroove) inserted in v. 1. | ||
| 504 | |a Includes bibliographies. | ||
| 650 | 0 | |a Tales |z Japan. | |
| 700 | 1 | |a Inada, Kōji, |d 1925- | |
| 988 | |a 20020608 | ||
| 906 | |0 DLC | ||


